[Event "AUT-ch Seniors"]
[Site "Wirt im Feld"]
[Date "2015.09.16"]
[Round "4"]
[White "Heimberger, Franz"]
[Black "Gruber, Konrad"]
[Result "0-1"]
[WhiteElo "1765"]
[BlackElo "1477"]
[PlyCount "96"]
[EventDate "2015.09.13"]
[EventType "swiss"]
[EventRounds "7"]
[EventCountry "AUT"]
[SourceTitle "EXT 2016"]
[Source "ChessBase"]
[SourceDate "2015.10.08"]
[SourceVersion "1"]
[SourceVersionDate "2015.10.08"]
[SourceQuality "1"]

1. c4 c5 2. Nc3 Nc6 3. Nf3 Nf6 4. d3 g6 5. g3 Bg7 6. Bg2 d6 7. a3 a6 8. Rb1 Rb8 9. b4 b5 10. cxb5 cxb4 11. axb4 axb5 12. 0-0 0-0 13. Bd2 Bd7 14. d4 e6 15. e4 Qb6 16. d5 exd5 17. exd5 Ne5 18. Nxe5 dxe5 19. Be3 Qb7 20. Bc5 Rfe8 21. Re1 Qc8 22. Ra1 Bh3 23. Bh1 Bf8 24. Rc1 Bxc5 25. bxc5 Qxc5 26. Ne4 Qe7 27. d6 Qd8 28. Ng5 Bg4 29. f3 Qb6+ 30. Kf1 Bd7 31. Qd2 b4 32. Rc7 Bb5+ 33. Kg2 Bd7 34. g4 Rbc8 35. Rec1 b3 36. Qb2 Qxd6 37. Rxc8 Rxc8 38. Rxc8+ Bxc8 39. Ne4 Nxe4 40. fxe4 Bxg4 41. Qxb3 Qd2+ 42. Kg3 Qf4+ 43. Kg2 Qxe4+ 44. Kg3 Qf4+ 45. Kg2 Be6 46. Qc3 Bd5+ 47. Kg1 Bxh1 48. h3 Bd5 0-1

[Event "Steyr op"]
[Site "Steyr"]
[Date "2012.08.28"]
[Round "2"]
[White "Almer, Guenter"]
[Black "Gruber, Konrad"]
[Result "1-0"]
[WhiteElo "1741"]
[BlackElo "1454"]
[PlyCount "97"]
[EventDate "2012.08.27"]
[EventType "swiss"]
[EventRounds "7"]
[EventCountry "AUT"]
[SourceTitle "CBM 150 Extra"]
[Source "ChessBase"]
[SourceDate "2012.10.19"]
[SourceVersion "1"]
[SourceVersionDate "2012.10.19"]
[SourceQuality "1"]

1. g3 d5 2. Bg2 e5 3. d3 Nf6 4. Nf3 Bd6 5. Nbd2 0-0 6. 0-0 Bd7 7. c3 Nc6 8. Re1 Qc8 9. e4 Bg4 10. exd5 Nxd5 11. Qb3 Nf6 12. Ng5 Rb8 13. Nde4 Nxe4 14. Bxe4 h6 15. Nf3 Be6 16. Qa4 Bd7 17. Qc2 Ne7 18. Nd2 Bc6 19. Bxc6 Nxc6 20. Ne4 Be7 21. Be3 Qh3 22. Bc5 Bxc5 23. Nxc5 b6 24. Na6 Rbc8 25. Qa4 Nd8 26. Nb4 Ne6 27. Nc6 Rce8 28. Nxe5 Ng5 29. Qc6 Re6 30. Qg2 Qh5 31. Kf1 Nh3 32. f4 f6 33. Nf3 Rfe8 34. Rxe6 Rxe6 35. Re1 Qf5 36. Rxe6 Qxe6 37. Nd4 Qd7 38. Qc6 Qg4 39. Qe6+ Qxe6 40. Nxe6 g5 41. Kg2 g4 42. Nxc7 Kf7 43. Nd5 Ke6 44. Ne3 f5 45. Nd1 h5 46. Nf2 Nxf2 47. Kxf2 Kd5 48. Ke3 a6 49. a4 1-0

[Event "Steyr op"]
[Site "Steyr"]
[Date "2012.08.27"]
[Round "1"]
[White "Gruber, Konrad"]
[Black "Mostbauer, Maximilian"]
[Result "0-1"]
[WhiteElo "1454"]
[BlackElo "1952"]
[PlyCount "94"]
[EventDate "2012.08.27"]
[EventType "swiss"]
[EventRounds "7"]
[EventCountry "AUT"]
[SourceTitle "CBM 150 Extra"]
[Source "ChessBase"]
[SourceDate "2012.10.19"]
[SourceVersion "1"]
[SourceVersionDate "2012.10.19"]
[SourceQuality "1"]

1. e4 e6 2. d4 d5 3. e5 c5 4. c3 Nc6 5. Nf3 Nge7 6. Bb5 a6 7. Bxc6+ Nxc6 8. 0-0 Be7 9. Be3 cxd4 10. cxd4 Bd7 11. Nc3 Na5 12. b3 Rc8 13. Rc1 Ba3 14. Rc2 Qc7 15. Bc1 Bb4 16. Bb2 Bb5 17. Re1 0-0 18. Qd2 Qe7 19. Rec1 Rc6 20. Qe3 Rfc8 21. Ne1 Ba3 22. Qd2 Bxb2 23. Rxb2 Qb4 24. Rbc2 R6c7 25. Qe3 Nc6 26. Nxb5 axb5 27. Nf3 Qa5 28. Qd2 Qxd2 29. Rxd2 Nxd4 30. Rxc7 Rxc7 31. h3 Nxf3+ 32. gxf3 g5 33. Kg2 Kg7 34. Kg3 Kg6 35. h4 gxh4+ 36. Kxh4 Kf5 37. a4 bxa4 38. bxa4 Kxe5 39. Kg5 f6+ 40. Kh6 Kf4 41. Rd3 Rc4 42. Ra3 d4 43. a5 Rc3 44. Ra4 e5 45. Kxh7 Kxf3 46. Kg6 d3 47. Kxf6 d2 0-1